Finis les paroles - Jok'air - Statistiques

Statistiques générales
  • Ce quiz a été pris 312 fois
  • Le résultat moyen est 5 sur 10
Statistiques - réponses
Hint Réponse % Correct
Je n’te veux pas devant l’pasteur, devant l’imam ou devant l'.... Prêtre
86%
L'amour est une épreuve et nous en étions la.... Preuve
83%
Derrière tes faux ongles, tes faux-cils, je vois en toi une fille ..... Sensible
64%
T’as jamais été si coquette, tu multiplies les.... Conquêtes
49%
J'arrive à l'entraînement avant l'.... Coach
46%
J’bosse pour qu’chaque jour d’la semaine soit un putain d'.... Weekend
45%
Bébé, t’auras tout c’que tu... Demandes
33%
Rêve de me la mettre, entre les deux yeux, de m’péter la... Tête
26%
T’espères pouvoir soigner tes plaies dans les bras d’un autre mais y a jamais rien d'.... Concret
16%
Jvoulais un foyer soudé, comme dans les séries..... Disney
13%
Aucun quiz correspondant
Distribution des résultats
% des personnes avec chaque résultat
Percentile par nombre de réponses
Votre historique - résultats
Vous n’avez pas pris ce quiz